[Event "Malopolska-ch"]
[Site "Krakow"]
[Date "2024.05.31"]
[Round "3"]
[White "Firman, Nazar"]
[Black "Ulasevich, Sergei"]
[Result "1/2-1/2"]
[WhiteElo "2479"]
[BlackElo "2287"]
[PlyCount "112"]
[EventDate "2024.05.30"]
[EventType "swiss"]
[EventRounds "7"]
[EventCountry "POL"]
[SourceTitle "EXT 2025"]
[Source "ChessBase"]
[SourceDate "2024.10.14"]
[SourceVersion "1"]
[SourceVersionDate "2024.10.14"]
[SourceQuality "1"]

1. e4 c5 2. Nf3 d6 3. Bb5+ Bd7 4. Bxd7+ Nxd7 5. 0-0 Ngf6 6. Re1 e6 7. b3 Be7 8. Bb2 0-0 9. h3 a6 10. d3 Qc7 11. Nbd2 b5 12. c4 Ne5 13. Nxe5 dxe5 14. cxb5 axb5 15. a4 Rfd8 16. axb5 Qb7 17. Rxa8 Rxa8 18. Bxe5 Qxb5 19. Qc2 Nd7 20. Ra1 Rxa1+ 21. Bxa1 Bf6 22. Bxf6 gxf6 23. Qc3 Qb6 24. Nc4 Qb8 25. g3 Kg7 26. Kg2 Qb7 27. Ne3 Ne5 28. f4 Nd7 29. Kf3 Qa7 30. Nc4 Nb8 31. Nd6 Nc6 32. Ne8+ Kf8 33. Nxf6 Nd4+ 34. Kg4 Kg7 35. Nh5+ Kg8 36. e5 h6 37. Nf6+ Kg7 38. Qe1 Qa2 39. Ne8+ Kg6 40. Qe4+ Nf5 41. Nd6 Qxb3 42. h4 Qd1+ 43. Kh3 Qf1+ 44. Kh2 Qf2+ 45. Qg2 Qe3 46. Nxf5 exf5 47. Qc6+ Kh5 48. Kh3 Qxd3 49. Qxc5 Qf1+ 50. Kh2 Qe2+ 51. Kg1 Kg4 52. Qf2 Qxf2+ 53. Kxf2 Kh3 54. h5 Kh2 55. Kf3 Kh3 56. Kf2 Kh2 1/2-1/2

[Event "Malopolska-ch"]
[Site "Krakow"]
[Date "2024.05.31"]
[Round "4"]
[White "Ulasevich, Sergei"]
[Black "Petriashvili, Nikoloz"]
[Result "1/2-1/2"]
[WhiteElo "2287"]
[BlackElo "2475"]
[PlyCount "169"]
[EventDate "2024.05.30"]
[EventType "swiss"]
[EventRounds "7"]
[EventCountry "POL"]
[SourceTitle "EXT 2025"]
[Source "ChessBase"]
[SourceDate "2024.10.14"]
[SourceVersion "1"]
[SourceVersionDate "2024.10.14"]
[SourceQuality "1"]

1. e4 c6 2. d4 d5 3. exd5 cxd5 4. Bd3 Nc6 5. c3 Nf6 6. Bf4 Bg4 7. Qb3 Qd7 8. Nd2 e6 9. Ngf3 Bd6 10. Bxd6 Qxd6 11. 0-0 0-0 12. Rae1 Bh5 13. Ne5 Rab8 14. f4 Bg6 15. f5 exf5 16. Bxf5 Rfe8 17. Nxg6 hxg6 18. Bd3 Re7 19. Qd1 Rbe8 20. Rxe7 Qxe7 21. Qf3 Ne4 22. Qe3 Nxd2 23. Qxd2 Qe3+ 24. Qxe3 Rxe3 25. Bb5 a6 26. Kf2 Re6 27. Be2 f6 28. Bf3 Rd6 29. Ke3 Kf7 30. b3 g5 31. c4 dxc4 32. bxc4 Nxd4 33. Bxb7 Nc2+ 34. Ke2 Rb6 35. Be4 Rb2 36. Kd2 Na3+ 37. Kc3 Re2 38. Bd3 Rxa2 39. Kb3 Rd2 40. Rf3 Nxc4 41. Bxc4+ Kg6 42. Bd3+ Kh5 43. Rh3+ Kg4 44. Rg3+ Kf4 45. Bxa6 g4 46. Bb7 Rd6 47. Kc4 Rb6 48. Bd5 f5 49. Ra3 Kg5 50. h3 gxh3 51. Rxh3 Kg4 52. Kd4 Rb2 53. Ke3 Rb5 54. Bf3+ Kg5 55. Rh8 Rb4 56. Rg8 g6 57. Kf2 Rb2+ 58. Kg3 Rb3 59. Rc8 Ra3 60. Ra8 Rc3 61. Ra6 Rc7 62. Kf2 Rc2+ 63. Ke3 Rc4 64. Bd5 Rc7 65. Kd4 Re7 66. Rb6 Ra7 67. Ke5 Re7+ 68. Re6 Rc7 69. Bc6 Ra7 70. Be8 Rg7 71. Bc6 Ra7 72. Kd6 Rg7 73. Re7 Rg8 74. Ke5 Rb8 75. Re8 Rb2 76. Re6 Rb4 77. Be8 Re4+ 78. Kd5 Kf4 79. Bc6 Rxe6 80. Kxe6 g5 81. Kf6 Kg4 82. Bf3+ Kf4 83. Kg6 g4 84. Bc6 Ke5 85. Kg5 1/2-1/2

[Event "Malopolska-ch"]
[Site "Krakow"]
[Date "2024.05.30"]
[Round "2"]
[White "Goderdzishvili, Giga"]
[Black "Ulasevich, Sergei"]
[Result "0-1"]
[WhiteElo "2022"]
[BlackElo "2287"]
[PlyCount "118"]
[EventDate "2024.05.30"]
[EventType "swiss"]
[EventRounds "7"]
[EventCountry "POL"]
[SourceTitle "EXT 2025"]
[Source "ChessBase"]
[SourceDate "2024.10.14"]
[SourceVersion "1"]
[SourceVersionDate "2024.10.14"]
[SourceQuality "1"]

1. d4 Nf6 2. Nf3 g6 3. g3 Bg7 4. Bg2 0-0 5. 0-0 d6 6. c4 c6 7. Nc3 Bf5 8. Nh4 Be6 9. b3 d5 10. cxd5 cxd5 11. f4 Ne4 12. Bb2 Nxc3 13. Bxc3 Qd7 14. Nf3 Bh3 15. Rc1 Bxg2 16. Kxg2 Nc6 17. b4 a6 18. e3 Rfc8 19. Qd3 Na7 20. Bb2 Qa4 21. a3 Nb5 22. Nd2 Nd6 23. g4 Qd7 24. h3 e6 25. Rxc8+ Rxc8 26. Rc1 Rxc1 27. Bxc1 Qc6 28. Nb3 Nc4 29. Kf2 Bf6 30. Nc5 Be7 31. Nb3 Nd6 32. Bd2 Ne4+ 33. Ke2 h5 34. Be1 hxg4 35. hxg4 Kg7 36. Nc5 g5 37. Kf3 f5 38. Qf1 Bxc5 39. bxc5 Qa4 40. Qd3 fxg4+ 41. Kxg4 gxf4 42. Kxf4 Qe8 43. Qe2 Qf7+ 44. Kg4 Qf5+ 45. Kh4 Kh6 46. Qg4 Qf6+ 47. Kh3 Qf1+ 48. Kh2 Qxe1 49. Qxe6+ Kg7 50. Qe7+ Kg6 51. Qe8+ Kg5 52. Qg8+ Kh4 53. Qh7+ Kg4 54. Qh3+ Kg5 55. Qg2+ Kf6 56. Qf3+ Ke7 57. Kg2 Qd2+ 58. Kf1 Qh2 59. Ke1 Qg3+ 0-1

[Event "Karlsruhe Grenke op"]
[Site "Karlsruhe"]
[Date "2024.03.29"]
[Round "2"]
[White "Ulasevich, Sergei"]
[Black "Sjugirov, Sanan"]
[Result "0-1"]
[WhiteElo "2261"]
[BlackElo "2690"]
[PlyCount "104"]
[EventDate "2024.03.28"]
[EventType "swiss"]
[EventRounds "9"]
[EventCountry "GER"]
[SourceTitle "CBM 219 Extra"]
[Source "ChessBase"]
[SourceDate "2024.05.31"]
[SourceVersion "1"]
[SourceVersionDate "2024.05.31"]
[SourceQuality "1"]

1. e4 c5 2. c3 Nf6 3. e5 Nd5 4. Nf3 d6 5. Bb5+ Nc6 6. 0-0 e6 7. c4 Nb6 8. Bxc6+ bxc6 9. exd6 Bxd6 10. b3 e5 11. Re1 0-0 12. Nc3 f6 13. Ba3 Be7 14. h3 Bf5 15. Qe2 Bd3 16. Qe3 Bxc4 17. Bxc5 Bxc5 18. Qxc5 Bd5 19. Nh4 f5 20. Nxd5 cxd5 21. Nf3 Rc8 22. Qb5 e4 23. Nd4 Qf6 24. Ne2 f4 25. Nc3 f3 26. g3 Rcd8 27. Rad1 Rd6 28. Qf1 Nd7 29. Nb5 Rb6 30. Nc3 Qd4 31. Nb5 Qc5 32. a4 Rg6 33. Kh2 a6 34. Rc1 Qb4 35. Nc3 Nf6 36. d3 e3 37. Rxe3 d4 38. Re4 Qd6 39. Nd1 Qa3 40. Rc4 Nxe4 41. dxe4 Rd6 42. Qd3 Qa2 43. Rxd4 Rxd4 44. Qxd4 Qe2 45. h4 Kh8 46. h5 Qf1 47. Ne3 Qxf2+ 48. Kh3 h6 49. Qd6 Rg8 50. Qf4 Qe2 51. g4 f2 52. Kg3 Qxe3+ 0-1

[Event "Budapest One Week IM-A 02"]
[Site "Budapest"]
[Date "2024.02.28"]
[Round "4"]
[White "Ulasevich, Sergei"]
[Black "Foldes, Marton Gabor"]
[Result "1-0"]
[WhiteElo "2261"]
[BlackElo "2119"]
[PlyCount "69"]
[EventDate "2024.02.26"]
[EventType "tourn"]
[EventRounds "9"]
[EventCountry "HUN"]
[EventCategory "1"]
[SourceTitle "CBM 219 Extra"]
[Source "ChessBase"]
[SourceDate "2024.05.31"]
[SourceVersion "1"]
[SourceVersionDate "2024.05.31"]
[SourceQuality "1"]

1. e4 c5 2. c3 Nf6 3. e5 Nd5 4. Nf3 e6 5. d4 cxd4 6. cxd4 d6 7. Bc4 Nb6 8. Bd3 Nc6 9. 0-0 Nb4 10. Be4 d5 11. Bd3 Nxd3 12. Qxd3 Be7 13. Nc3 Bd7 14. b3 Rc8 15. Bd2 0-0 16. Ne2 Qe8 17. a4 f5 18. h4 Na8 19. Nf4 Nc7 20. Ng5 Bxg5 21. hxg5 g6 22. Bb4 Rf7 23. Rfc1 Qd8 24. Qg3 Ne8 25. Bc5 b6 26. Ba3 Rxc1+ 27. Rxc1 Bc8 28. Bd6 Nxd6 29. exd6 Rf8 30. Rc7 Qxd6 31. Rg7+ Kxg7 32. Nh5+ gxh5 33. Qxd6 Rf7 34. Qb8 Ba6 35. Qe5+ 1-0

[Event "Budapest One Week IM-A 02"]
[Site "Budapest"]
[Date "2024.02.27"]
[Round "3"]
[White "Dudognon, Thibault"]
[Black "Ulasevich, Sergei"]
[Result "1-0"]
[WhiteElo "2383"]
[BlackElo "2261"]
[PlyCount "61"]
[EventDate "2024.02.26"]
[EventType "tourn"]
[EventRounds "9"]
[EventCountry "HUN"]
[EventCategory "1"]
[SourceTitle "CBM 219 Extra"]
[Source "ChessBase"]
[SourceDate "2024.05.31"]
[SourceVersion "1"]
[SourceVersionDate "2024.05.31"]
[SourceQuality "1"]

1. e4 c5 2. Nf3 d6 3. d4 cxd4 4. Nxd4 Nf6 5. Nc3 Nc6 6. Bg5 e6 7. Qd2 a6 8. 0-0-0 Bd7 9. Nxc6 Bxc6 10. Qe1 Qa5 11. h4 Be7 12. f3 Qc7 13. Kb1 b5 14. Ne2 0-0 15. Nd4 Rfc8 16. Bd3 b4 17. g4 a5 18. h5 a4 19. Nxc6 Qxc6 20. h6 b3 21. cxb3 axb3 22. a3 Qc5 23. Be3 Qa5 24. hxg7 Qxe1 25. Rdxe1 Kxg7 26. e5 dxe5 27. g5 Nd5 28. Rxh7+ Kg8 29. Reh1 f5 30. gxf6 Nxe3 31. Rg7+ 1-0

[Event "Budapest One Week IM-A 02"]
[Site "Budapest"]
[Date "2024.02.27"]
[Round "2"]
[White "Ulasevich, Sergei"]
[Black "Hoolt, Sarah"]
[Result "1/2-1/2"]
[WhiteElo "2261"]
[BlackElo "2281"]
[PlyCount "119"]
[EventDate "2024.02.26"]
[EventType "tourn"]
[EventRounds "9"]
[EventCountry "HUN"]
[EventCategory "1"]
[SourceTitle "CBM 219 Extra"]
[Source "ChessBase"]
[SourceDate "2024.05.31"]
[SourceVersion "1"]
[SourceVersionDate "2024.05.31"]
[SourceQuality "1"]

1. e4 c5 2. c3 Nf6 3. e5 Nd5 4. Nf3 Nc6 5. Bc4 Nb6 6. Bb3 c4 7. Bc2 d5 8. exd6 e5 9. d3 Qxd6 10. Na3 Be6 11. Ng5 0-0-0 12. Nxc4 Nxc4 13. dxc4 Qxd1+ 14. Bxd1 Bxc4 15. b3 Bd5 16. Bg4+ Kc7 17. Bf3 e4 18. Bf4+ Bd6 19. Bxd6+ Rxd6 20. Be2 h6 21. Nh3 g5 22. 0-0-0 f5 23. c4 Be6 24. Rxd6 Kxd6 25. f4 exf3 26. Bxf3 Nd4 27. Bxb7 Rb8 28. Ba6 Rb6 29. Rd1 Ke5 30. Bb5 Nxb5 31. cxb5 Rxb5 32. Nf2 Bd5 33. g3 Be4 34. Rd8 Rc5+ 35. Kd1 Rd5+ 36. Rxd5+ Bxd5 37. Kd2 Kd4 38. Nd3 Be4 39. Nf2 Bb1 40. a3 f4 41. gxf4 gxf4 42. Ng4 h5 43. Nf6 Bg6 44. a4 Bf7 45. b4 Kc4 46. b5 Kb4 47. Nd7 Kxa4 48. b6 axb6 49. Nxb6+ Kb4 50. Nd7 Bg6 51. Ke2 Bf5 52. Nf6 Bg4+ 53. Kd3 Kc5 54. Ke4 f3 55. Ke3 Kd6 56. Nxg4 hxg4 57. h3 gxh3 58. Kxf3 h2 59. Kg2 h1Q+ 60. Kxh1 1/2-1/2

[Event "Budapest One Week IM-A 02"]
[Site "Budapest"]
[Date "2024.02.26"]
[Round "1"]
[White "Horvath, David G"]
[Black "Ulasevich, Sergei"]
[Result "1/2-1/2"]
[WhiteElo "2330"]
[BlackElo "2261"]
[PlyCount "37"]
[EventDate "2024.02.26"]
[EventType "tourn"]
[EventRounds "9"]
[EventCountry "HUN"]
[EventCategory "1"]
[SourceTitle "CBM 219 Extra"]
[Source "ChessBase"]
[SourceDate "2024.05.31"]
[SourceVersion "1"]
[SourceVersionDate "2024.05.31"]
[SourceQuality "1"]

1. d4 Nf6 2. Bg5 d5 3. e3 c5 4. Bxf6 gxf6 5. dxc5 e6 6. c4 dxc4 7. Qxd8+ Kxd8 8. Bxc4 Bxc5 9. Nc3 a6 10. Nf3 b5 11. Bd3 Bb7 12. Be4 Nc6 13. Nd2 f5 14. Bf3 Rc8 15. Rc1 Ba7 16. a4 b4 17. Ne2 Ke7 18. 0-0 Rhd8 19. Rfd1 1/2-1/2

[Event "Calvia Amateur op 20th"]
[Site "Calvia"]
[Date "2023.10.09"]
[Round "3"]
[White "Ulasevich, Sergei"]
[Black "Grob, Joshua"]
[Result "1-0"]
[WhiteElo "2246"]
[BlackElo "2091"]
[PlyCount "61"]
[EventDate "2023.10.07"]
[EventType "swiss"]
[EventRounds "9"]
[EventCountry "ESP"]
[SourceTitle "CBM 216 Extra"]
[Source "ChessBase"]
[SourceDate "2023.11.30"]
[SourceVersion "1"]
[SourceVersionDate "2023.11.30"]
[SourceQuality "1"]

1. e4 c5 2. Nc3 e6 3. f4 d5 4. Nf3 dxe4 5. Nxe4 Nf6 6. Nxf6+ Qxf6 7. g3 Nc6 8. Bg2 Bd6 9. 0-0 0-0 10. d3 Bd7 11. c3 Rad8 12. Ne5 Qe7 13. Qh5 Be8 14. Nxc6 Bxc6 15. Bxc6 bxc6 16. Be3 e5 17. f5 f6 18. Qh4 e4 19. Qxe4 Qxe4 20. dxe4 Rfe8 21. Rad1 Rxe4 22. Bf4 Be7 23. Kf2 Kf7 24. b3 Rxd1 25. Rxd1 Bf8 26. Kf3 Re8 27. g4 a5 28. Rd7+ Re7 29. Rxe7+ Kxe7 30. Bc7 Kd7 31. Bxa5 1-0

[Event "Katowice POL-HUN 10th"]
[Site "Katowice"]
[Date "2023.09.09"]
[Round "5"]
[White "Ulasevich, Sergei"]
[Black "Kroliczek, Gabriela"]
[Result "1-0"]
[WhiteElo "2246"]
[BlackElo "1956"]
[PlyCount "79"]
[EventDate "2023.09.09"]
[EventType "swiss (rapid)"]
[EventRounds "9"]
[EventCountry "POL"]
[SourceTitle "CBM 216 Extra"]
[Source "ChessBase"]
[SourceDate "2023.11.30"]
[SourceVersion "1"]
[SourceVersionDate "2023.11.30"]
[SourceQuality "1"]

1. d4 Nf6 2. Nc3 d5 3. Bf4 e6 4. Nb5 Na6 5. e3 Be7 6. Nf3 0-0 7. Ne5 c6 8. Nc3 Nc7 9. h4 Nfe8 10. h5 f6 11. Nf3 Bd6 12. h6 g6 13. Qd2 Qe7 14. 0-0-0 b5 15. Kb1 a5 16. Bd3 Qf7 17. e4 dxe4 18. Nxe4 Bxf4 19. Qxf4 Nd5 20. Qd2 a4 21. a3 Qe7 22. c3 Nb6 23. Rhe1 Nc7 24. Qe2 Rb8 25. g3 Nc4 26. Nc5 Nd6 27. Nd2 Nf7 28. Qe3 Nd5 29. Qe4 e5 30. Qh4 f5 31. Qxe7 Nxe7 32. dxe5 Nxh6 33. f4 Ng4 34. Nf3 Re8 35. Kc1 h6 36. Bb1 Kg7 37. Ba2 Ng8 38. Rd6 Rb6 39. Nd4 Ne7 40. Kd2 1-0

[Event "Djenovici TS04 IM 5th"]
[Site "Djenovici"]
[Date "2023.05.23"]
[Round "4"]
[White "Ulasevich, Sergei"]
[Black "Arsovic, Zoran"]
[Result "0-1"]
[WhiteElo "2213"]
[BlackElo "2399"]
[PlyCount "104"]
[EventDate "2023.05.20"]
[EventType "tourn"]
[EventRounds "9"]
[EventCountry "MNE"]
[EventCategory "1"]
[SourceTitle "CBM 214 Extra"]
[Source "ChessBase"]
[SourceDate "2023.07.31"]
[SourceVersion "1"]
[SourceVersionDate "2023.07.31"]
[SourceQuality "1"]

1. e4 c5 2. Nf3 e6 3. g3 Nc6 4. Bg2 Nf6 5. d3 d6 6. 0-0 Be7 7. Re1 0-0 8. c3 Bd7 9. d4 cxd4 10. cxd4 d5 11. e5 Ne4 12. Nc3 Nxc3 13. bxc3 Rc8 14. h4 Na5 15. Qd3 Qc7 16. Bg5 Ba3 17. Bd2 Nc4 18. Ng5 g6 19. Bf4 Nb2 20. Qf3 Be7 21. Rac1 Bb5 22. Rb1 Nd3 23. Re3 Nxf4 24. Qxf4 Ba6 25. Bh3 Qd7 26. Rb2 Rc6 27. Qg4 Qd8 28. Qf4 h6 29. Nf3 Kg7 30. Nh2 h5 31. Rf3 g5 32. Qe3 Rh8 33. g4 gxh4 34. Qf4 Qg8 35. gxh5 Kf8+ 36. Ng4 Rxh5 37. Kh1 Bg5 38. Qh2 Qg6 39. Nf6 Rh8 40. Bg2 Ke7 41. Qh3 Rb6 42. Rxb6 axb6 43. Ng4 Be2 44. c4 Bxf3 45. Qxf3 h3 46. Qa3+ Kd7 47. Bxh3 Qh5 48. Kg2 Qxh3+ 49. Qxh3 Rxh3 50. Kxh3 dxc4 51. f4 Bxf4 52. Nf6+ Kc6 0-1

[Event "Djenovici TS04 IM 5th"]
[Site "Djenovici"]
[Date "2023.05.21"]
[Round "2"]
[White "Ulasevich, Sergei"]
[Black "Tomic, Aleksandar"]
[Result "1/2-1/2"]
[WhiteElo "2213"]
[BlackElo "2383"]
[PlyCount "94"]
[EventDate "2023.05.20"]
[EventType "tourn"]
[EventRounds "9"]
[EventCountry "MNE"]
[EventCategory "1"]
[SourceTitle "CBM 214 Extra"]
[Source "ChessBase"]
[SourceDate "2023.07.31"]
[SourceVersion "1"]
[SourceVersionDate "2023.07.31"]
[SourceQuality "1"]

1. e4 c5 2. Nf3 e6 3. g3 Nc6 4. Bg2 Nf6 5. d3 d5 6. Qe2 Be7 7. 0-0 0-0 8. e5 Ne8 9. c4 Nc7 10. Nc3 Rb8 11. Rd1 b5 12. b3 a5 13. h4 Ba6 14. Bf4 Nd4 15. Nxd4 cxd4 16. Nb1 bxc4 17. bxc4 dxc4 18. dxc4 Nd5 19. Qg4 Nxf4 20. Qxf4 Bc5 21. Nd2 a4 22. Ne4 Ba7 23. Bf1 Qc7 24. Qg5 Kh8 25. Bd3 Bb7 26. Nf6 h6 27. Qh5 Ba8 28. Rab1 a3 29. Re1 Rb2 30. Rxb2 axb2 31. Ne4 Bxe4 32. Rxe4 Qxc4 33. Qd1 Qc1 34. Re1 Rc8 35. Qe2 Qxe1+ 36. Qxe1 Rc1 37. Kf1 Bb6 38. Ke2 Rxe1+ 39. Kxe1 g6 40. Kd1 Bc7 41. a4 Bxe5 42. a5 Kg7 43. Kc2 b1Q+ 44. Kxb1 Bc7 45. a6 Bb6 46. f4 Kf6 47. Kc2 Ke7 1/2-1/2

[Event "Djenovici TS04 IM 5th"]
[Site "Djenovici"]
[Date "2023.05.20"]
[Round "1"]
[White "Langrock, Hannes"]
[Black "Ulasevich, Sergei"]
[Result "1-0"]
[WhiteElo "2366"]
[BlackElo "2213"]
[PlyCount "93"]
[EventDate "2023.05.20"]
[EventType "tourn"]
[EventRounds "9"]
[EventCountry "MNE"]
[EventCategory "1"]
[SourceTitle "CBM 214 Extra"]
[Source "ChessBase"]
[SourceDate "2023.07.31"]
[SourceVersion "1"]
[SourceVersionDate "2023.07.31"]
[SourceQuality "1"]

1. d4 Nf6 2. Nf3 g6 3. g3 Bg7 4. Bg2 0-0 5. 0-0 d6 6. b3 e5 7. dxe5 Ng4 8. Bb2 Nxe5 9. Qc1 Nbc6 10. Nxe5 dxe5 11. Bxc6 bxc6 12. Rd1 Qf6 13. Qe3 Qe6 14. Nd2 f5 15. f4 Re8 16. Nf3 exf4 17. Qxe6+ Rxe6 18. Rd8+ Bf8 19. gxf4 Rd6 20. Rd1 Bb7 21. R1xd6 cxd6 22. Rd7 Bc8 23. Rc7 Bh6 24. Ng5 Bxg5 25. fxg5 c5 26. Rg7+ Kf8 27. Rxh7 Be6 28. Bg7+ Ke7 29. Be5+ Bf7 30. Bxd6+ Ke6 31. Bxc5 Rd8 32. Be3 Rd1+ 33. Kf2 Ra1 34. a4 Ra2 35. Bxa7 Rxc2 36. b4 Ra2 37. a5 Be8 38. Bc5 Bb5 39. Re7+ Kd5 40. h4 Ra3 41. Rg7 Rh3 42. Rxg6 Rxh4 43. Kg3 Rc4 44. a6 Rc3+ 45. e3 Ke4 46. Re6+ Kd5 47. Rb6 1-0

[Event "Budapest SixDays 03 IM"]
[Site "Budapest"]
[Date "2023.03.28"]
[Round "7"]
[White "Ulasevich, Sergei"]
[Black "Balogh, Peter1"]
[Result "1-0"]
[WhiteElo "2236"]
[BlackElo "2057"]
[PlyCount "193"]
[EventDate "2023.03.24"]
[EventType "tourn"]
[EventRounds "9"]
[EventCountry "HUN"]
[SourceTitle "CBM 213 Extra"]
[Source "ChessBase"]
[SourceDate "2023.05.31"]
[SourceVersion "1"]
[SourceVersionDate "2023.05.31"]
[SourceQuality "1"]

1. e4 e5 2. Nf3 Nc6 3. Bb5 f5 4. d3 fxe4 5. dxe4 Nf6 6. 0-0 Bc5 7. Bxc6 bxc6 8. Nxe5 0-0 9. Nc3 Ba6 10. Nd3 Bd4 11. Ne2 Bb6 12. Ng3 d5 13. exd5 cxd5 14. Be3 c5 15. b3 d4 16. Bd2 Qd5 17. Re1 Bc7 18. Bf4 Bb7 19. f3 Bxf4 20. Nxf4 Qd6 21. Ne6 Rf7 22. Nf5 Qd5 23. Qd3 Nh5 24. Nexg7 Nxg7 25. Nh6+ Kh8 26. Re5 Qd7 27. Nxf7+ Qxf7 28. Rxc5 Ne6 29. Re5 Rg8 30. Qf5 Qg7 31. g3 Ng5 32. Qxg5 Qxg5 33. Rxg5 Rxg5 34. Rd1 Rd5 35. Kf2 Kg7 36. Ke2 Kf6 37. Kd3 Rh5 38. Rd2 Bxf3 39. Rf2 Rf5 40. Kxd4 Bb7 41. Re2 Rd5+ 42. Kc3 h5 43. Re8 Rd1 44. Rh8 Kg6 45. Rg8+ Kf6 46. Rh8 Kg5 47. Rg8+ Kf6 48. a4 Be4 49. Rh8 Kg5 50. Rg8+ Kf6 51. Rh8 Bg6 52. Kb4 Kg7 53. Ra8 Bxc2 54. Rxa7+ Kf6 55. Rc7 Be4 56. Rc5 Rd5 57. a5 Ke6 58. a6 Kd6 59. Rc4 Re5 60. a7 Bb7 61. Rc8 Bxc8 62. a8Q Be6 63. Qf3 Rf5 64. Qd3+ Rd5 65. Qe3 Re5 66. Qf4 Kd5 67. Kb5 Bd7+ 68. Kb6 Bf5 69. Qc4+ Kd6 70. b4 Bd7 71. Qd4+ Ke6 72. Kc7 Bb5 73. Qf4 Rf5 74. Qe4+ Re5 75. Qg6+ Kd5 76. Kb6 Be8 77. Qd3+ Ke6 78. h3 Rd5 79. Qc4 Bd7 80. Kc7 Bb5 81. Qe4+ Re5 82. Qg6+ Kd5 83. Qd6+ Ke4 84. g4 hxg4 85. Qg6+ Kd5 86. Qg8+ Kd4 87. hxg4 Bc4 88. Qg7 Ke4 89. g5 Re6 90. g6 Kf5 91. Qf7+ Ke5 92. Qh7 Bd3 93. Qh2+ Kf6 94. Qh4+ Ke5 95. Qg3+ Kd4 96. g7 Rg6 97. Qxg6 1-0

[Event "Budapest SixDays 03 IM"]
[Site "Budapest"]
[Date "2023.03.26"]
[Round "4"]
[White "Pham, Tran Gia Phuc"]
[Black "Ulasevich, Sergei"]
[Result "1-0"]
[WhiteElo "2238"]
[BlackElo "2236"]
[PlyCount "85"]
[EventDate "2023.03.24"]
[EventType "tourn"]
[EventRounds "9"]
[EventCountry "HUN"]
[SourceTitle "CBM 213 Extra"]
[Source "ChessBase"]
[SourceDate "2023.05.31"]
[SourceVersion "1"]
[SourceVersionDate "2023.05.31"]
[SourceQuality "1"]

1. d4 Nf6 2. Bf4 d5 3. Nf3 c5 4. e3 Nc6 5. Nbd2 Qb6 6. dxc5 Qxb2 7. Rb1 Qa3 8. Bb5 g6 9. Ne5 Qxc5 10. c4 Bg7 11. Qa4 dxc4 12. Bxc4 a6 13. Nb3 Qb6 14. Bxf7+ Kf8 15. Nxc6 Bd7 16. Be6 Bxc6 17. Qd4 Qxd4 18. Nxd4 Bxg2 19. Rg1 Be4 20. Rc1 Nd5 21. Rg4 h5 22. Bb8 Bxd4 23. Rxe4 Bf6 24. Bg3 h4 25. Be5 Rh5 26. f4 Bxe5 27. fxe5 Nb6 28. Rb1 Nc8 29. Rxb7 Kg7 30. Rc4 Rxe5 31. Rxc8 Rxc8 32. Bxc8 Rxe3+ 33. Kd2 Re5 34. a4 Rc5 35. Be6 Kf6 36. Rb6 a5 37. Bb3+ Ke5 38. Rxg6 Kf4 39. h3 e5 40. Rg4+ Kf3 41. Kd3 Rc7 42. Bd5+ Kf2 43. Rxh4 1-0

[Event "EU-ch Rapid"]
[Site "Katowice"]
[Date "2022.12.18"]
[Round "9"]
[White "Haydon, David Leslie"]
[Black "Ulasevich, Sergei"]
[Result "1/2-1/2"]
[WhiteElo "2289"]
[BlackElo "2236"]
[PlyCount "158"]
[EventDate "2022.12.17"]
[EventType "swiss (rapid)"]
[EventRounds "11"]
[EventCountry "POL"]
[SourceTitle "CBM 211 Extra"]
[Source "ChessBase"]
[SourceDate "2023.01.31"]
[SourceVersion "1"]
[SourceVersionDate "2023.01.31"]
[SourceQuality "1"]

1. Nf3 c5 2. e3 g6 3. c4 Bg7 4. Nc3 Nf6 5. d4 cxd4 6. Nxd4 0-0 7. Be2 d5 8. 0-0 a6 9. b3 dxc4 10. bxc4 e5 11. Nb3 Nc6 12. Ba3 Re8 13. Qc1 Bf5 14. Rd1 Qc8 15. Nd5 Nxd5 16. cxd5 Nd8 17. Qd2 b6 18. Rac1 Qd7 19. f3 e4 20. f4 Qa4 21. Bb4 a5 22. Bc3 Bxc3 23. Rxc3 Nb7 24. g4 Bc8 25. Rc6 Nc5 26. Rxb6 Nd3 27. Nc1 Ba6 28. Nxd3 exd3 29. Bxd3 Bxd3 30. Qxd3 Qxa2 31. d6 Qe6 32. f5 gxf5 33. d7 Qxb6 34. dxe8Q+ Rxe8 35. gxf5 Rxe3 36. Qd4 Qxd4 37. Rxd4 Kg7 38. Rd5 a4 39. Kf2 Rb3 40. Rd6 Rb5 41. Ra6 Rxf5+ 42. Kg3 Rg5+ 43. Kh3 Rg1 44. Rxa4 Kg6 45. Ra8 Kf5 46. Ra5+ Kg6 47. Ra8 Kf6 48. Ra6+ Kg5 49. Ra7 Rf1 50. Kg2 Rf6 51. Kg3 Kg6 52. Kg4 Rb6 53. Ra4 Rb3 54. Rc4 f6 55. Ra4 Rc3 56. Rb4 Rc2 57. Kg3 Rc3+ 58. Kg4 Rc2 59. Kg3 Kg5 60. h4+ Kg6 61. Rg4+ Kh5 62. Rg7 Kh6 63. Rg8 Rc1 64. Rf8 Rg1+ 65. Kf2 Rg6 66. Rf7 Rg4 67. Kf3 Rxh4 68. Rxf6+ Kg5 69. Rf8 Ra4 70. Kg2 h5 71. Rg8+ Kh4 72. Kh2 Ra2+ 73. Rg2 Rxg2+ 74. Kxg2 Kg4 75. Kh2 h4 76. Kg2 h3+ 77. Kh2 Kh4 78. Kg1 Kg3 79. Kh1 h2 1/2-1/2

[Event "EU-ch Blitz"]
[Site "Katowice"]
[Date "2022.12.16"]
[Round "18"]
[White "Baum, Jonasz"]
[Black "Ulasevich, Sergei"]
[Result "1-0"]
[WhiteElo "2420"]
[BlackElo "2236"]
[PlyCount "87"]
[EventDate "2022.12.16"]
[EventType "swiss (blitz)"]
[EventRounds "22"]
[EventCountry "POL"]
[SourceTitle "CBM 211 Extra"]
[Source "ChessBase"]
[SourceDate "2023.01.31"]
[SourceVersion "1"]
[SourceVersionDate "2023.01.31"]
[SourceQuality "1"]

1. e4 c5 2. Nf3 Nc6 3. Nc3 g6 4. d4 cxd4 5. Nxd4 Bg7 6. Nb3 Nf6 7. Be2 0-0 8. 0-0 d6 9. Re1 Bd7 10. Bf1 a6 11. Bg5 b5 12. Nd5 Ne8 13. c3 Nc7 14. Nd4 Re8 15. Nc2 Ne6 16. Bh4 Rb8 17. Qd2 Ne5 18. a3 Nc4 19. Qc1 Nc5 20. Nd4 Ne5 21. Qd1 Bg4 22. f3 Be6 23. b4 Na4 24. f4 Bxd5 25. exd5 Nc4 26. Nc6 Nxc3 27. Qd3 Qc7 28. Nxb8 Qxb8 29. Rac1 Na4 30. Qf3 Nab6 31. Kh1 Qb7 32. Bf2 Qxd5 33. Qxd5 Nxd5 34. Bxc4 bxc4 35. Rxc4 e5 36. fxe5 dxe5 37. Rc6 Ra8 38. Rd1 Nf4 39. g3 Ne6 40. Rd7 Nd4 41. Rcd6 Nb5 42. Rd8+ Rxd8 43. Rxd8+ Bf8 44. Bc5 1-0

[Event "EU-ch Blitz"]
[Site "Katowice"]
[Date "2022.12.16"]
[Round "17"]
[White "Ulasevich, Sergei"]
[Black "Baum, Jonasz"]
[Result "1-0"]
[WhiteElo "2236"]
[BlackElo "2420"]
[PlyCount "143"]
[EventDate "2022.12.16"]
[EventType "swiss (blitz)"]
[EventRounds "22"]
[EventCountry "POL"]
[SourceTitle "CBM 211 Extra"]
[Source "ChessBase"]
[SourceDate "2023.01.31"]
[SourceVersion "1"]
[SourceVersionDate "2023.01.31"]
[SourceQuality "1"]

1. e4 e6 2. d4 d5 3. Nd2 c5 4. Ngf3 cxd4 5. Nxd4 Nc6 6. Bb5 Bd7 7. Nxc6 bxc6 8. Bd3 Bd6 9. Qe2 e5 10. c4 d4 11. 0-0 Ne7 12. f4 Ng6 13. f5 Nf8 14. Nf3 f6 15. Nh4 c5 16. Qh5+ Ke7 17. Qg4 Rg8 18. Bd2 Rb8 19. b3 Be8 20. Rac1 Bf7 21. Qd1 Nd7 22. Qc2 Nb6 23. b4 Nd7 24. b5 Bc7 25. Rb1 Ba5 26. Nf3 Bxd2 27. Qxd2 Nb6 28. Rfc1 Kd6 29. Qc2 Qf8 30. a4 g6 31. a5 Nd7 32. Qe2 g5 33. Nd2 h5 34. Nb3 g4 35. Qd2 h4 36. a6 Rb6 37. Na5 Qg7 38. Nc6 Ra8 39. Qa5 g3 40. h3 Qg5 41. Re1 Qf4 42. Rb2 Bh5 43. Nxa7 Rxa7 44. Ra2 Bf7 45. Rc2 Qg5 46. Ra2 Qg8 47. Rc2 Qb8 48. Qa4 Nf8 49. Qa5 Nd7 50. Qd2 Qg8 51. Qa5 Rb8 52. Rb1 Nb6 53. Rbc1 Qg5 54. Qe1 Na4 55. Rb1 Nb6 56. Rbc1 Re7 57. Qe2 Na4 58. Qd1 Kc7 59. Qe1 Nb6 60. Re2 Ra8 61. Qa5 Ra7 62. Qa3 Kd6 63. Qa5 Qxc1+ 64. Re1 Qxe1+ 65. Qxe1 Kc7 66. Qa5 Rd7 67. Qa3 Kd6 68. Qa5 Kc7 69. Qa3 Kd6 70. Qa5 Kc7 71. Qa3 Kd6 72. Qa5 1-0